000 01072nam a2200277 i 4500
001 13997
003 ES-MaACL
005 20230906150715.0
007 t|
008 980827s1997 sp ||||1| spa d
020 _a84-921633-3
080 _a615.851.6(063)
245 0 0 _aGrupos terapéuticos y asistencia pública /
_cE. Gamo Medina, R. Gómez Esteban (coordinadores).
260 _aMadrid :
_bAsociación Española de Neuropsiquiatría,
_c1997.
300 _a207 p. ;
_c21 cm.
490 1 _aEstudios ;
_v20
500 _aPonencias del XX Congreso de la Asociación Española de Neuropsiquiatría, Badajoz, 5-8 de marzo de 1997.
650 1 4 _aPsicoterapia de grupo-
_xCongresos y asambleas.
_916583
700 1 _aGamo Medina, Emilio.
_953802
700 1 _aGómez Esteban, Rosa.
_957948
710 2 _aAsociación Española de Neuropsiquiatría.
_91677
711 2 _aCongreso de la Asociación Española de Neuropsiquiatría (
_n20.
_d1997.
_cBadajoz)
_9313
830 0 _aEstudios ;
_v20
_9177349
852 _aES-MaACL
_jL-21327
_bR.126326
999 _c13997
_d13997